Zmätok okolo rolí sociálneho pracovníka

Profesijné role sociálneho pracovníka a pestrosť sociálnej práce sa premieta aj do rolí sociálneho pracovníka. Prehľad jednotlivých rolí sociálneho pracovníka v domácom a zahraničnom kontexte a ich stručné porovnanie.

Na minha lista:
Detalhes bibliográficos
Autor principal: Uhnáková, Dominika
Outros Autores: Levická, Jana
Formato: Capítulo de Livro
Idioma:eslovaco
Assuntos:
Tags: Adicionar Tag
Sem tags, seja o primeiro a adicionar uma tag!

MARC

LEADER 00000nla a2200000 4500
001 0211312
005 20240417075103.0
041 0 |a slo 
044 |a CZ 
245 1 0 |a Zmätok okolo rolí sociálneho pracovníka  |c Dominika Uhnáková, Jana Levická 
520 |a Profesijné role sociálneho pracovníka a pestrosť sociálnej práce sa premieta aj do rolí sociálneho pracovníka. Prehľad jednotlivých rolí sociálneho pracovníka v domácom a zahraničnom kontexte a ich stručné porovnanie. 
610 2 0 |a práca sociálna 
610 2 0 |a pracovníci sociálni 
610 2 0 |a náročnosť profesionálna 
610 2 0 |a kvalifikácia 
610 2 0 |a odbornosť 
610 2 0 |a vzdelávanie permanentné 
610 2 0 |a profesiografia 
100 1 |a Uhnáková, Dominika 
700 1 |a Levická, Jana